ELECTRICITY AND MAGNETISM (Record no. 9294)
[ view plain ]
| 000 -LEADER | |
|---|---|
| fixed length control field | 00834nam a22001697a 4500 |
| 003 - CONTROL NUMBER IDENTIFIER | |
| control field | SGT |
| 020 ## - INTERNATIONAL STANDARD BOOK NUMBER | |
| International Standard Book Number | 9780074602256 |
| 082 ## - DEWEY DECIMAL CLASSIFICATION NUMBER | |
| Classification number | 537,MAH |
| 100 ## - MAIN ENTRY--PERSONAL NAME | |
| Personal name | MAHAJAN,A.S |
| 245 ## - TITLE STATEMENT | |
| Title | ELECTRICITY AND MAGNETISM |
| 250 ## - EDITION STATEMENT | |
| Edition statement | 1ST |
| 260 ## - PUBLICATION, DISTRIBUTION, ETC. (IMPRINT) | |
| Place of publication, distribution, etc | NEW DELHI |
| Name of publisher, distributor, etc | TMH |
| Year of Publication | 2015 |
| 300 ## - PAGE DESCRIPTION | |
| No. of Pages | 508 |
| 650 ## - SUBJECT ADDED ENTRY--TOPICAL TERM | |
| Topical term or geographic name as entry element | ELECTRICITY & ELECTRONICS, PHYSICS |
| 653 ## - KEYWORDS--INDEX TERM | |
| Keyword term | CHAPTER 1 VECTOR ANALYSIS CHAPTER 2 THE ELECTROSTATIC FIELD - I CHAPTER 3 THE ELECTROSTATIC FIELD - II CHAPTER 4 CONDUCTORS, CAPACITORS AND ELECTROSTATIC ENERGY CHAPTER 5 DIELECTRICS CHAPTER 6 CURRENT ELECTRICITY CHAPTER 7 MAGNETIC INDUCTION CHAPTER 8 MOTION OF CHARGED PARTICLES IN AN ELECTROMAGNETIC FIELD CHAPTER 9 FARADAY'S LAW OF ELECTROMAGNETIC INDUCTION CHAPTER 10 LCR CIRCUITS CHAPTER 11 MAGNETIC FIELDS IN MATERIAL MEDIA CHAPTER 12 MAXWELL'S EQUATIONS |
| 942 ## - ADDED ENTRY ELEMENTS (KOHA) | |
| Source of classification or shelving scheme | Dewey Decimal Classification |
| Koha item type | FPS Books |
| Withdrawn status | Lost status | Source of classification or shelving scheme | Damaged status | Not for loan | Collection code | Home library | Current library | Shelving location | Date acquired | Vendor Name | Cost, normal purchase price | SGTU | Bill Number | Full call number | Accession No. (Barcode) | Date last seen | Bill Date | Koha item type | Total Checkouts | Date last borrowed |
|---|---|---|---|---|---|---|---|---|---|---|---|---|---|---|---|---|---|---|---|---|
| Dewey Decimal Classification | Not For Loan | SCIENCE | SGT Science & Social Sciences Library | SGT Science & Social Sciences Library | Reference Book | 28/06/2016 | KIRTI PRAKASHAN | 550.00 | SGTU | 2947 | 537,MAH | PS965 | 28/06/2016 | 19/09/2015 | FPS Books | |||||
| Dewey Decimal Classification | SCIENCE | SGT Science & Social Sciences Library | SGT Science & Social Sciences Library | Text Book | 28/06/2016 | KIRTI PRAKASHAN | 550.00 | SGTU | 2947 | 537,MAH | PS966 | 25/01/2021 | 19/09/2015 | FPS Books | 4 | 03/03/2020 |